Edukačná hra "HEMT" vytvorená technológiou VR

Gespeichert in:
Bibliographische Detailangaben
1. Verfasser: Masaryk, Maty (Verfasst von)
Weitere Verfasser: Stuchlíková, Ľubica (Betreuung Doktorarbeit)
Format: Manuskript Buch
Sprache:Slowakisch
Veröffentlicht: Bratislava : STU v Bratislave FEI, 2022
Schlagworte:
Online-Zugang:https://opac.crzp.sk/?fn=detailBiblioFormChildE14V7V&sid=A3900C45A119566172F2FB9915B9&seo=CRZP-detail-kniha
Tags: Tag hinzufügen
Keine Tags, Fügen Sie das erste Tag hinzu!

MARC

LEADER 00000ntm a22000003a 4500
001 stuzp86437
003 SK-STU
005 20230324133525.3
007 ta
008 150427s2015----xo-----f-mn---000-0-slo-d
040 |a STU  |b slo 
041 0 |a slo 
044 |a xo 
100 1 |a Masaryk, Maty  |u 033000  |4 aut  |U FEI Fakulta elektrotechniky a informatiky  |T FEI Ústav elektroniky a fotoniky  |X 103043  |U E030  |Y 549  |7 103043 
242 0 1 |a Educational game "HEMT" created by VR technology  |y eng 
245 1 0 |a Edukačná hra "HEMT" vytvorená technológiou VR 
260 |a Bratislava :  |b STU v Bratislave FEI,  |c 2022 
300 |a 47 s., príl. 
650 4 |a Unity  |2 slo 
650 4 |a Blender  |2 slo 
650 4 |a virtuálna realita  |2 slo 
650 4 |a HTC Vive  |2 slo 
650 4 |a HEMT  |2 slo 
650 4 |a edukačná hra  |2 slo 
650 4 |a Unity  |2 eng 
650 4 |a Blender  |2 eng 
650 4 |a virtual reality  |2 eng 
650 4 |a HTC Vive  |2 eng 
650 4 |a HEMT  |2 eng 
650 4 |a educational game  |2 eng 
700 1 |a Stuchlíková, Ľubica  |u 033000  |k Z1  |4 ths  |U FEI Fakulta elektrotechniky a informatiky  |T FEI Ústav elektroniky a fotoniky  |X 1997  |U E030  |Y 549  |7 A000001997 
856 4 |u https://opac.crzp.sk/?fn=detailBiblioFormChildE14V7V&sid=A3900C45A119566172F2FB9915B9&seo=CRZP-detail-kniha